| 000 | 00685nam a22002057a 4500 | ||
|---|---|---|---|
| 999 |
_c5372 _d5372 |
||
| 003 | AR-CdUCM | ||
| 008 | 190312b ||||| |||| 00| 0 spa d | ||
| 040 |
_aMUNICIPALIDAD PROVINCIAL DEL CUSCO _cBIBLIOTECA MUNICIPAL DEL CUSCO |
||
| 082 |
_a121.8 / _bM22 |
||
| 100 |
_aManrique Enríquez, Fernando _916199 |
||
| 245 | _aTeoría de los valores y ética / | ||
| 260 |
_aLima : _bRentería Editores, _c2002. |
||
| 300 |
_a205 páginas ; _c20 cm. |
||
| 505 | _aFisiología y axiologia -- Teoría de los valores -- Proyecciones axiologicas -- La ética... | ||
| 650 |
_aFilosofía _9395 |
||
| 650 |
_aTeoría _95077 |
||
| 650 |
_aÉtica _91337 |
||
| 942 |
_2ddc _cLIBROS |
||
| 945 | _admma | ||